Регионална библиотека "Любен Каравелов" - Русе

Сред природата (Запис номер 400422)

MARC детайли
000 -Лидер
Контролно поле с фиксирана дължина 00967nam a2200253 a 4500
003 - Код на организацията, давaща контролен номер
Контролно поле BLK
005 - Дата и час на последна редакция
Контролно поле 20250703120604.0
008 - Елементи от данни с фиксирана дължина
fixed length control field 210309b bu |||||r|||| 00| | bu d
020 ## - Международен стандартен номер на книга ISBN
Международен стандартен номер на книга ISBN 9786191515356
040 ## - Източник на каталожния запис
Идентификатор на билиотеката - собственик на записа BLK
041 ## - Код за език
Код за езика на текст/звукозапис или на отделно заглавие Български
Код за езика КДБФ Български
080 ## - УДК
Текстов определител УДК Издания за деца и юноши. Книжки-картинки. Читанки. Вж и 372.4
УДК код - определител по УДК 087.5
УДК - код + определител 087.5
139 ## - Редно поле
Редна дума Домашни любимци
Авторски знак Дом - Д 76
245 ## - Сведения за заглавието
Заглавие Сред природата
Подзаглавни данни Книжка хармоника
260 ## - Област на издателските данни
9 (RLIN) 209582
Място на издаване, разпространение и проч. София
Име на издателя, разпространителя и проч. СофтПрес
Година на издаване 2020
300 ## - Физическа характеристика
Страници 16 с.
Илюстрации и др. с цв. ил.
Размери/Мащаб 10 x 94 см, сгъната до 10 х 11 см
380 ## - Жанр
Жанр Общ отдел
490 ## - СЕРИИ (Колекции)
9 (RLIN) 202161
Име на серия Поредица Детски свят
500 ## - Общи забележки
Забележка Кор. опис. - Кн. отпеч. на ламиниран картон
852 ## - Местоположение
Форматна сигнатура Цб І 40349
999 ## - СИСТЕМНИ КОНТРОЛНИ НОМЕРА
Koha biblionumber 400422
Koha biblioitemnumber 400422
942 ## - АРТИКУЛИ
Вид на библиотечния материал Книги
Скрит в OPAC Не
Периодичен библиозапис Да
Koha issues (borrowed), all copies 16
944 ## - СЪЗДАВАНЕ И РЕДАКЦИЯ на ЗАПИСА
Създаване/Редакция Създаване
Дата на регистрацията/редакция 2021-03-09
Служител, извършил регистрацията/редакцията 30537
Статус, дата на статуса Грета Цуфелде
999 ## - СИСТЕМНИ КОНТРОЛНИ НОМЕРА
Koha biblioitemnumber 400422
Наличности
Код за отписване Код за изгубен артикул Източник на класификационната схема Код за повреда Коз за рестрикции Код за отдаване Артикулен № Име на библиотеката - собственик Име на библиотеката, в която се намира в момента Статус (Текущо местоположение) Дата на вписване в системата Местоположение - отдел Цена в лева Систематично азбучна сигнатура Баркод Цена в евро Служебен тип на артикула
  Не е изгубен Universal Decimal Classification Не е повреден само за читалня ползва се в читалня 815747 Регионална библиотека "Любен Каравелов" Русе Регионална библиотека "Любен Каравелов" Русе Хранилище 2021-03-10 Хранилище 4.99 Цб І 40349 120000852981 2.55 Книги
  Не е изгубен Universal Decimal Classification Не е повреден без рестрикции заемане за дома 861554 Регионална библиотека "Любен Каравелов" Русе Регионална библиотека "Любен Каравелов" Русе Детски отдел 2021-11-12 Детски отдел 3.49 087.5/Д 76 120000862418 1.78 Книги
  Не е изгубен Universal Decimal Classification Не е повреден без рестрикции заемане за дома 861555 Регионална библиотека "Любен Каравелов" Русе Регионална библиотека "Любен Каравелов" Русе Детски отдел 2021-11-12 Детски отдел 3.49 087.5/Д 76 120000862419 1.78 Книги
  Не е изгубен Universal Decimal Classification Не е повреден без рестрикции заемане за дома 861556 Регионална библиотека "Любен Каравелов" Русе Регионална библиотека "Любен Каравелов" Русе Детски отдел 2021-11-12 Детски отдел 3.49 087.5/Д 76 120000862420 1.78 Книги
Vip Innovations Ltd, Rousse, Bulgaria 2025